Science Quiz

Random Science or Blitz Quiz

30 Second Math II Quiz Stats

Quiz Updated Jul 8, 2013

Also try: 30 Second Math
Challenge
Share
Tweet
Embed
Score 0/30 Timer 00:30
3 Plays Today
Expression Answer % Correct
9 - 18
68.6%
2 - 11
68.3%
9 - 27
68.3%
1 / 11
68.3%
1 + 23
68.2%
4 - 22
68.2%
15 / 35
68.1%
12 / 62
68%
0 * 60
68%
6 + 28
67.9%
1 * 99
67.9%
3 + 47
67.9%
2 * 36
67.9%
14 - 77
67.8%
3 + 03
67.8%
Expression Answer % Correct
6 - 60
67.8%
8 - 53
67.8%
9 / 33
67.7%
7 + 411
67.7%
2 * 612
67.7%
18 - 126
67.7%
8 + 816
67.6%
4 + 9 13
67.5%
8 / 24
67.5%
88 / 118
67.4%
64 / 88
67.4%
28 / 74
67.3%
8 * 324
67%
7 * 535
67%
6 * 954
64.8%

You're not logged in!

Compare scores with friends on all Sporcle quizzes.
Join for Free
OR
Log In

You Might Also Like...

Show Comments

Extras

Top Quizzes Today


Score Distribution

Your Account Isn't Verified!

In order to create a playlist on Sporcle, you need to verify the email address you used during registration. Go to your Sporcle Settings to finish the process.

Report this User

Report this user for behavior that violates our Community Guidelines.

Details: